书目信息 |
| 题名: |
旷世之战
|
|
| 作者: | 纽博恩, 著 ;邵谦谦 译 | |
| 分册: | ||
| 出版信息: | 北京 清华大学出版社 2004.05 |
|
| 页数: | 275页 | |
| 开本: | 23cm | |
| 丛书名: | ||
| 单 册: | ||
| 中图分类: | G891.1-49 | |
| 科图分类: | ||
| 主题词: | 人工智能--应用--国际象棋--对局(棋类运动)--科普读物 | |
| 电子资源: | ||
| ISBN: | 7-302-08410-6 | |
| 000 | 01243nam0 2200301 450 | |
| 001 | 010563633515 | |
| 005 | 20050926104909.86 | |
| 010 | @a7-302-08410-6@dCNY35.00 | |
| 100 | @a20050317d2004 km y0chiy0120 ea | |
| 101 | 1 | @achi@ceng |
| 102 | @aCN@b110000 | |
| 105 | @aac a 000yy | |
| 200 | 1 | @a旷世之战@Akuang shi zhi zhan@eIBM深蓝夺冠之路@f(美) Monty Newborn著@F(mei)Monty Newborn zhu@g邵谦谦译@Gshao qian qian yi |
| 210 | @a北京@c清华大学出版社@d2004.05 | |
| 215 | @a275页@c图, 肖像@d23cm | |
| 305 | @a据Springer出版公司2003年英文版译出 | |
| 306 | @a由Springer出版公司授权清华大学出版社出版。 | |
| 314 | @a编目员自译责任者汉译姓: 纽博恩。 | |
| 320 | @a有书目。 | |
| 330 | @a本书主要描述了IBM如何开发击败了地球上最佳人类棋手的计算机这一历史过程。这是一个有关天赋奇才的科学家和工程师团队的故事,这是一个全美商界巨擘如何培育这个团队的故事。 | |
| 510 | 1 | @aDeep blue@eArtificial intelligence milestone@zeng |
| 517 | 1 | @aIBM深蓝夺冠之路@AIBM shen lan duo guan zhi lu |
| 606 | 0 | @a人工智能@x应用@x国际象棋@x对局(棋类运动)@x科普读物 |
| 690 | @aG891.1-49@v4 | |
| 701 | 1 | @a纽博恩,@Aniu bo en,@bM.@g(Newborn, Monty)@4著 |
| 702 | 0 | @a邵谦谦@Ashao qian qian@4译 |
| 801 | 0 | @aCN@bQSSK@c20050926 |
| 905 | @a10447@dG891.1-49@eN731 | |
| 旷世之战:IBM深蓝夺冠之路/(美) Monty Newborn著/邵谦谦译.-北京:清华大学出版社,2004.05 |
| 275页:图, 肖像;23cm |
| ISBN 7-302-08410-6:CNY35.00 |
| 本书主要描述了IBM如何开发击败了地球上最佳人类棋手的计算机这一历史过程。这是一个有关天赋奇才的科学家和工程师团队的故事,这是一个全美商界巨擘如何培育这个团队的故事。 |
| ● |
| 相关链接 |
|
|
|
正题名:旷世之战
索取号:G891.1-49/N731
 
预约/预借
| 序号 | 登录号 | 条形码 | 馆藏地/架位号 | 状态 | 备注 |
| 1 | 527828 | 205278288 | 社科库409/409社科库 27排4列4层/ [索取号:G891.1-49/N731] | 在馆 | |
| 2 | 527829 | 205278297 | 社科库409/409社科库 27排4列4层/ [索取号:G891.1-49/N731] | 在馆 |